Darts 2025 Title Winners - Statistics

General Stats
  • This quiz has been taken 113 times
    43 since last reset
  • The average score is 35 of 43
Answer Stats
Tournament Player % Correct
Players Championship 2 Gerwyn Price
100%
Players Championship 9 Gerwyn Price
100%
Players Championship 12 Gerwyn Price
100%
Poland Darts Masters Gerwyn Price
100%
Baltic Sea Darts Open Gerwyn Price
100%
Players Championship 10 Josh Rock
100%
World Cup of Darts Josh Rock
100%
World Matchplay Luke Littler
100%
Winmau World Masters Luke Humphries
97%
Premier League Luke Humphries
97%
US Darts Masters Luke Humphries
97%
UK Open Luke Littler
97%
Belgian Darts Open Luke Littler
97%
German Darts Grand Prix Michael van Gerwen
97%
European Darts Trophy Nathan Aspinall
94%
European Darts Open Nathan Aspinall
94%
Bahrain Darts Masters Stephen Bunting
94%
International Darts Open Stephen Bunting
94%
Nordic Darts Masters Stephen Bunting
94%
Players Championship 18 Stephen Bunting
94%
World Cup of Darts Daryl Gurney
91%
Players Championship 14 Jonny Clayton
91%
Dutch Darts Championship Jonny Clayton
91%
Dutch Darts Masters Rob Cross
84%
Players Championship 1 Rob Cross
84%
Players Championship 3 Chris Dobey
81%
Players Championship 17 Chris Dobey
81%
Players Championship 7 Gary Anderson
81%
European Darts Grand Prix Gary Anderson
81%
Players Championship 6 Gian van Veen
78%
Players Championship 8 Martin Schindler
78%
Austrian Darts Open Martin Schindler
78%
Players Championship 16 Ross Smith
75%
Players Championship 19 James Wade
72%
Players Championship 4 Ryan Searle
72%
Players Championship 5 Joe Cullen
63%
Players Championship 23 Jermaine Wattimena
53%
Players Championship 13 Damon Heta
50%
Players Championship 20 Damon Heta
50%
Players Championship 11 Cameron Menzies
38%
Players Championship 15 Krzysztof Ratajski
38%
Players Championship 21 Bradley Brooks
28%
Players Championship 22 Sebastian Bialecki
22%
No matching quizzes found
Score Distribution
Percent of People with Each Score
Percentile by Number Answered
Your Score History
You have not taken this quiz since the last reset